| 000 | 03130nam a2200637 4500 | ||
|---|---|---|---|
| 001 | 60571 | ||
| 003 | CO-BoRNBP | ||
| 005 | 20260223154953.0 | ||
| 007 | ta | ||
| 008 | 010622r20011997sp | ||| ||spa | ||
| 017 |
_aB 19417-2001 _bOficina Depósito Legal Barcelona |
||
| 020 | _a8432216062 | ||
| 020 | _a9788432216060 | ||
| 040 |
_aSpMaBN _bspa _cSpMaBN _erdc |
||
| 041 | 1 |
_aspa _hger |
|
| 080 | _a821.112.2-31"19" | ||
| 084 | _aN SUS1 | ||
| 100 | 1 |
_aSüskind, Patrick _d1949- _938860 |
|
| 240 | 1 | 4 | _aDas Parfüm |
| 245 | 1 | 3 |
_aEl perfume _h[Texto impreso] : _bhistoria de un asesino _cPatrick Süskind ; traducción de Pilar Giralt Gorina |
| 250 | _a1ª ed. en Colección Booket | ||
| 300 |
_a239 p. _c18 cm |
||
| 336 |
_2rdacontent _atexto _btxt |
||
| 337 |
_2rdamedia _asin mediación _bn |
||
| 338 |
_2rdacarrier _avolumen _bnc |
||
| 490 | 1 |
_aNovela _v2013 |
|
| 650 | _2LEMB | ||
| 830 | 0 |
_aNovela (Booket (Editorial)) _v2013 _969133 |
|
| 942 |
_2ddc _cBK |
||
| 956 | _a2 | ||
| 980 |
_aB 19417-2001 _a84-322-1606-2 _aSpMaBN _bBNALCALA _j12/76418 _cSG_PETANTI |
||
| 980 |
_aB 19417-2001 _a84-322-1606-2 _aSpMaBN _bBNALCALA _jAHM/497710 _cSG_PETANTI |
||
| 980 |
_aB 34269-2001 _a84-322-1606-2 _aSpMaBN _bBNALCALA _jAHM/531744 _cSG_PETANTI |
||
| 980 |
_aB 34269-2001 _a84-322-1606-2 _aSpMaBN _bBNALCALA _jAHM/534492 _cSG_PETANTI |
||
| 980 |
_aB 49888-2002 _a84-322-1606-2 _aSpMaBN _bBNALCALA _jAHM/710321 _cSG_PETANTI |
||
| 980 |
_aB 39635-2004 _a84-322-1606-2 _aSpMaBN _bBNALCALA _cSG_PETANTI _jAHMO/99533 |
||
| 980 |
_aB 48529-2004 _a84-322-1606-2 _aSpMaBN _bBNALCALA _cSG_PETANTI _jAHMO/113106 |
||
| 980 |
_aB 1821-2005 _a84-322-1606-2 _aSpMaBN _bBNALCALA _cSG_PETANTI _jAHMO/114294 |
||
| 980 |
_aB 34512-2005 _a84-322-1606-2 _aSpMaBN _bBNALCALA _cSG_PETANTI _jAHMO/149769 |
||
| 980 |
_aB 39785-2005 _a84-322-1606-2 _aSpMaBN _bBNALCALA _cSG_PETANTI _jAHMO/171000 |
||
| 980 |
_aB 19417-2001 _a84-322-1606-2 _aSpMaBN _bBNALCALA _jDL/1058321 _cCONSERVACI |
||
| 980 |
_aB 34269-2001 _a84-322-1606-2 _aSpMaBN _bBNALCALA _jDL/1089225 _cCONSERVACI |
||
| 980 |
_aB 1773-2002 _a84-322-1606-2 _aSpMaBN _bBNALCALA _jDL/1116056 _cCONSERVACI |
||
| 980 |
_aB 28955-2002 _a84-322-1606-2 _aSpMaBN _bBNALCALA _jDL/1145622 _cCONSERVACI |
||
| 980 |
_aB 49888-2002 _a84-322-1606-2 _aSpMaBN _bBNALCALA _jDL/1188435 _cCONSERVACI |
||
| 980 |
_aB 5840-2003 _a84-322-1606-2 _aSpMaBN _bBNALCALA _jDL/1198111 _cCONSERVACI |
||
| 980 |
_aB 26272-2003 _a84-322-1606-2 _aSpMaBN _bBNALCALA _jDL/1220061 _cCONSERVACI |
||
| 980 |
_aB 44146-2003 _a84-322-1606-2 _aSpMaBN _bBNALCALA _jDL/1254111 _cCONSERVACI |
||
| 980 |
_aB 6544-2004 _a84-322-1606-2 _aSpMaBN _bBNALCALA _jDL/1278023 _cCONSERVACI |
||
| 980 |
_aB 21725-2004 _a84-322-1606-2 _aSpMaBN _bBNALCALA _jDL/1304547 _cCONSERVACI |
||
| 980 |
_aB 39635-2004 _a84-322-1606-2 _aSpMaBN _bBNALCALA _jDL/1347144 _cCONSERVACI |
||
| 980 |
_aB 48529-2004 _a84-322-1606-2 _aSpMaBN _bBNALCALA _jDL/1369401 _cCONSERVACI |
||
| 980 |
_aB 1821-2005 _a84-322-1606-2 _aSpMaBN _bBNALCALA _jDL/1369816 _cCONSERVACI |
||
| 980 |
_aB 34512-2005 _a84-322-1606-2 _aSpMaBN _bBNALCALA _jDL/1412915 _cCONSERVACI |
||
| 980 |
_aB 39785-2005 _a84-322-1606-2 _aSpMaBN _bBNALCALA _jDL/1439788 _cCONSERVACI |
||
| 999 |
_c60571 _d60571 |
||